Bible Characters — Real or Fictional? - Statistics

General Stats
  • This quiz has been taken 134 times
  • The average score is 3 of 15
Answers on the Grid
Answers color-coded by a green-red scale on the quiz's grid according to % correct below.
Abraham
Adam
Baruch
Daniel
David
Esther
Eve
Ezekiel
Ezra
Haggai
Hosea
Isaac
Jacob
Jeremiah
Jesus
Job
Joshua
Josiah
Judith
Moses
Nehemiah
Noah
Paul
Peter
Pontius Pilate
Ruth
Samson
Samuel
Solomon
Tobit
 
Answer Stats
Answer % Correct
Jesus
58%
David
48%
Pontius Pilate
40%
Paul
35%
Solomon
32%
Peter
28%
Baruch
20%
Ezra
17%
Ezekiel
15%
Jeremiah
12%
Hosea
9%
Haggai
8%
Samuel
8%
Nehemiah
6%
Josiah
5%
No matching quizzes found
Score Distribution
Percent of People with Each Score
Percentile by Number Answered
Your Score History
You have not taken this quiz